Gaming Quiz

Random Gaming or Pokémon Quiz

Top Grass Pokemon by Stat (Non-Legend) Quiz Stats

 Plays Quiz not verified by Sporcle

Challenge
Share
Tweet
Embed
Score 0/64 Timer 10:00
0 Plays Today
Stat Pokemon % Correct
Special DefenseVenusaur
99.6%
HPTorterra
98.8%
AttackTorterra
98.8%
DefenseTorterra
98.8%
DefenseMeganium
98.6%
Special AttackSceptile
98.6%
Special DefenseMeganium
98.6%
SpeedSceptile
98.6%
Special AttackVileplume
98.4%
AttackVictreebel
97.4%
Special DefenseSerperior
97%
SpeedSerperior
97%
HPChesnaught
96.8%
AttackChesnaught
96.8%
DefenseChesnaught
96.8%
HPTangrowth
95.3%
DefenseTangrowth
95.3%
Special AttackTangrowth
95.3%
Special DefenseLudicolo
95.3%
HPShiftry
94.3%
AttackShiftry
94.3%
Special DefenseBellossom
94.3%
AttackLeafeon
93.7%
DefenseLeafeon
93.7%
SpeedLeafeon
93.7%
DefenseTangela
93.3%
Special DefenseJumpluff
93.3%
SpeedJumpluff
93.3%
HPTropius
93.1%
Special AttackRoserade
92.7%
Special DefenseRoserade
92.7%
HPExeggutor
91.5%
Stat Pokemon % Correct
Special AttackExeggutor
91.5%
AttackBreloom
91.1%
AttackCacturne
90.9%
DefenseFerrothorn
90.9%
Special AttackCacturne
90.9%
Special DefenseFerrothorn
90.9%
SpeedWhimsicott
89.9%
AttackLeavanny
89.7%
SpeedLeavanny
89.7%
HPCradily
89.5%
DefenseCradily
89.5%
Special DefenseCradily
89.5%
AttackGourgeist (Super)
89.2%
SpeedGourgeist (Small)
89.2%
AttackTrevenant
88.8%
HPGogoat
88.6%
AttackGogoat
88.6%
DefenseGourgeist
88.6%
Special AttackLilligant
87.2%
SpeedGrovyle
87.2%
DefenseRotom (Mow)
86.4%
Special AttackRotom (Mow)
86.4%
Special DefenseRotom (Mow)
86.4%
HPAmoonguss
83%
Special AttackSunflora
82.4%
SpeedSimisage
81.7%
HPAbomasnow
81.1%
AttackSawsbuck
81.1%
SpeedSawsbuck
81.1%
Special AttackMaractus
80.1%
AttackCarnivine
78.3%
Special DefenseWormadam (Plant)
72.4%

You're not logged in!

Compare scores with friends on all Sporcle quizzes.
OR
Log In

You Might Also Like...

Show Comments

Extras

Created Sep 12, 2014ReportNominate
Tags:Pokémon Quiz, grass, stat

Top Quizzes Today


Score Distribution

Your Account Isn't Verified!

In order to create a playlist on Sporcle, you need to verify the email address you used during registration. Go to your Sporcle Settings to finish the process.

Report this User

Report this user for behavior that violates our Community Guidelines.

Details: